000 00625nam a2200157Ia 4500
008 100122s9999 xx 000 0 und d
082 _b66180
_a820.9
100 _aजाधव रा ग
245 _aसंमेलनाध्यक्ष : प्रा.रा.ग.जाधव
260 _bप्रतिमा प्रकाशन
_c2004
300 _a408
630 _aसंमेलनाध्यक्ष : प्रा.रा.ग.जाधव
700 _aपारगावकर अरुण
730 _aसंमेलनाध्यक्ष : प्रा.रा.ग.जाधव
942 _cBOOK
999 _c438865
_d438862